000 00303nam a22001337a 4500
008 170530b xxu||||| |||| 00| 0 eng d
020 _a029062848
041 _aeng
080 _a94(100)
100 _a17
101 _aSHH
245 _aA HISTORY OF SPAIN AND PORTUGAL
_cPAYNE,S.G
942 _2udc
_cBK
999 _c15086
_d15086